Solar wind ten (Record no. 15545)

MARC details
000 -LEADER
fixed length control field 01101nam a2200277Ia 4500
003 - CONTROL NUMBER IDENTIFIER
control field IN-BaIIA
008 - FIXED-LENGTH DATA ELEMENTS--GENERAL INFORMATION
fixed length control field 211028s9999 xx 000 0 eng d
020 ## - INTERNATIONAL STANDARD BOOK NUMBER
International Standard Book Number 0-7354-0148-9
040 ## - CATALOGING SOURCE
Transcribing agency IIA Library
080 ## - UNIVERSAL DECIMAL CLASSIFICATION NUMBER
Universal Decimal Classification number 523.62-726(082.2)
Item number SOL
111 ## - MAIN ENTRY--MEETING NAME
Meeting name or jurisdiction name as entry element International Solar Wind Conference
Number of part/section/meeting 10th
Location of meeting Italy
Date of meeting or treaty signing 2002 June 17-21
9 (RLIN) 28674
245 #0 - TITLE STATEMENT
Title Solar wind ten
Remainder of title proceedings of the tenth International solar wind conference, Pisa, Italy, 17-21 June 2002
Statement of responsibility, etc. edited by M. Velli, R. Bruno and F. Malara
260 ## - PUBLICATION, DISTRIBUTION, ETC.
Place of publication, distribution, etc. Melville
Name of publisher, distributor, etc. American Institute of Physics
Date of publication, distribution, etc. 2003
300 ## - PHYSICAL DESCRIPTION
Extent xvii, 860p.
490 ## - SERIES STATEMENT
Series statement AIP conference proceedings; v. 679
650 ## - SUBJECT ADDED ENTRY--TOPICAL TERM
Topical term or geographic name entry element Heliosphere (Astrophysics) -- Congresses
9 (RLIN) 28675
650 ## - SUBJECT ADDED ENTRY--TOPICAL TERM
Topical term or geographic name entry element Kinetic physics
9 (RLIN) 28676
650 ## - SUBJECT ADDED ENTRY--TOPICAL TERM
Topical term or geographic name entry element Solar wind
9 (RLIN) 5747
650 ## - SUBJECT ADDED ENTRY--TOPICAL TERM
Topical term or geographic name entry element Solar wind -- Congresses
9 (RLIN) 22794
650 ## - SUBJECT ADDED ENTRY--TOPICAL TERM
Topical term or geographic name entry element Space plasmas -- Congresses
9 (RLIN) 22795
700 ## - ADDED ENTRY--PERSONAL NAME
Personal name Bruno, R., ed.
9 (RLIN) 28677
700 ## - ADDED ENTRY--PERSONAL NAME
Personal name Malara, F., ed.
9 (RLIN) 28678
700 ## - ADDED ENTRY--PERSONAL NAME
Personal name Velli, M., ed.
9 (RLIN) 28679
710 ## - ADDED ENTRY--CORPORATE NAME
Corporate name or jurisdiction name as entry element American Institute of Physics
9 (RLIN) 2416
942 ## - ADDED ENTRY ELEMENTS (KOHA)
Koha item type Books
Holdings
Withdrawn status Lost status Damaged status Not for loan Home library Current library Shelving location Date acquired Source of acquisition Cost, normal purchase price Total Checkouts Full call number Barcode Date last seen Cost, replacement price Price effective from Koha item type Purchase Price
        IIA Library-Bangalore IIA Library-Bangalore General Stacks 19/12/2003 SV 15952.80   523.62-726(082.2)/ SOL 16467 05/11/2021 15952.80 19/12/2003 Books Rs. 15952.80

Powered by Koha